| 000 | 00381cam a2200157ua 4500 | ||
|---|---|---|---|
| 041 |
_amal _h |
||
| 082 |
_a894.8121 _bSAN/AD |
||
| 100 | _aSandeepani, . | ||
| 245 |
_aAdhyathma Ramayanam / _cSundeepani. _hTextual Documents |
||
| 250 |
_a1 / _b. |
||
| 260 |
_aKozhikode : _bTouring book stall , _c1972. |
||
| 300 | _a160 ; . | ||
| 504 | _a | ||
| 942 | _cBK | ||
| 999 |
_c4008 _d4008 |
||